00617cam a22002411 4500001001300000003000400013005001700017008004100034010001700075035002000092040001800112042001200130043001200142050001600154100002700170245002400197260001100221300003000232500001400262504003300276650004900309999001700358sa 63003206 DLC20260227111940.0890717s1962 ii b 000 0 hino  asa 63003206  a(OCoLC)20023647 aDLCcWaUdDLC apremarc aa-ii---00aPK2042b.R31 aRastogī, Girīśa.10aHindī kahānī. c[1962] a2, 2, 291, [1] p.c23 cm. aIn Hindi. aBibliography: p. [1] at end. 0aShort stories, HindixHistory and criticism. c54948d54948